| 000 | 00370nam a2200145Ia 4500 | ||
|---|---|---|---|
| 008 | 150201s2006 xx 000 0 und d | ||
| 082 |
_a617.6 _bH2006P |
||
| 100 | _aPERRY,MIKE | ||
| 245 | _aHEAD NECK & DENTAL EMERGENCIES | ||
| 250 | _a1ST | ||
| 260 |
_bOXFORD UNIVERSITY PRESS _aOXFORD (;LONDON) _c2006 |
||
| 300 | _a1-462 | ||
| 650 | _aORAL MEDICINE | ||
| 942 |
_2ddc _cBK |
||
| 999 |
_c3594 _d3594 |
||